NBA Players by Picture - Argentina - Statistics

General Stats
  • This quiz has been taken 26 times
  • The average score is 4 of 16
Answer Stats
Picture Answer % Correct
Manu Ginobili
100%
Luis Scola
65%
Facundo Campazzo
61%
Pablo Prigioni
39%
Carlos Delfino
22%
Andres Nocioni
17%
Fabricio Oberto
17%
Gabriel Deck
17%
Leandro Bolmaro
17%
Nicolas Laprovittola
17%
Pepe Sanchez
13%
Luca Vildoza
9%
Walter Herrmann
9%
Nicolas Brussino
4%
Ruben Wolkowyski
4%
Patricio Garino
0%
No matching quizzes found
Score Distribution
Percent of People with Each Score
Percentile by Number Answered
Your Score History
You have not taken this quiz